000 00172nam a22000857a 4500
999 _c16269
_d16269
003 OSt
008 200629b ||||| |||| 00| 0 eng d
245 _aSteam Tables
942 _cBK